000 00490nam a2200181Ia 4500
999 _c30209
_d30209
003 OSt
005 20210108115005.0
008 190216s9999||||xx |||||||||||||| ||und||
020 _a9788126451388
040 _coclc
082 _a894.812301
_bMEE/K
100 _aMeera, K R
_96807
245 0 _aKathakal /
_cK R Meera
260 _bD C Books,
_c2018.
_aKottayam:
300 _a414p
650 _aMalayalam
942 _cBK
_2ddc
_h894.812301
_iMEE/K
_k894.812301
_mMEE/K